Statistics for GTA V And Online Sports Cars

Click here to take the quiz!

General Stats

  • This quiz has been taken 94 times
    (66 since last reset)
  • The average score is 15 of 56

Answer Stats

BrandSports Car% Correct
Obey9F
68%
DinkaJester
68%
Obey9F Cabrio
68%
DinkaJester (Racecar)
68%
PfisterComet Retro Custom
64%
PfisterComet Safari
64%
PfisterComet SR
64%
PfisterComet
64%
KarinSultan
50%
BravadoBanshee
48%
AnnisElegy RH8
46%
AnnisElegy Retro Custom
46%
BravadoSprunk Buffalo
40%
BravadoBuffalo
40%
BravadoBuffalo S
40%
InveteroCoquette
34%
DewbaucheeMassacro (Racecar)
32%
DewbaucheeMassacro
32%
KarinKuruma
30%
GrottiCarbonizzare
26%
HijakKhamelion
26%
OcelotPariah
26%
AlbanyAlpha
24%
KarinFuto
24%
BenefactorFeltzer
24%
DewbaucheeRapid GT Convertible
22%
DewbaucheeRapid GT
22%
MaibatsuPenumbra
22%
BenefactorSchafter V12
20%
ObeyOmnis
20%
BenefactorSchafter LWB
20%
HijakRuston
20%
BenefactorSchwartzer
20%
SchysterFusilade
18%
LampadatiFurore GT
18%
BenefactorSurano
16%
DinkaGo Go Monkey Blista
16%
DinkaBlista Compact
16%
DewbaucheeSpecter Custom
14%
DewbaucheeSpecter
14%
PfisterNeon
12%
LampadatiTropos Rallye
12%
OcelotLynx
10%
GrottiBestia GTS
10%
DewbaucheeSeven-70
8%
BravadoVerlierer
8%
BFRaptor
8%
KarinKuruma (Armored)
8%
DeclasseDrift Tampa
8%
ÜbermachtRevolter
6%
BenefactorStreiter
6%
VapidFlash GT
4%
CoilRaiden
4%
ÜbermachtSentinel Classic
2%
DeclasseHotring Sabre
2%
VapidGB200
2%

Score Distribution

Percentile by Number Answered

Percent of People with Each Score

Your Score History

You have not taken this quiz since the last reset